| 000 | 01104cam a2200241 4500 | ||
|---|---|---|---|
| 001 | J124257 | ||
| 008 | 031107n2003 000 0 eng u | ||
| 035 | _a(Sirsi) u124257 | ||
| 041 | _aeng | ||
| 050 |
_a331.281333 _c18 |
||
| 110 |
_aRoyal Institution of Chartered Surveyors _94900 |
||
| 245 | 4 | _aThe 2003 RICS and Macdonald & Company salary and benefits survey | |
| 260 |
_aLondon _bMacdonald & Co. _c2003 |
||
| 300 |
_a43p. _c30cm. + 1 booklet (ca. 70p. ; 21cm.) |
||
| 520 | _aPresents the findings from the latest RICS and Macdonald and Company salary survey in which over 3 000 surveying professionals from across the UK and worldwide took part. Provides statistics on current salaries, recent salary increases, bonuses and employment package benefits and insight into wider professional issues. Includes a summary tables booklet listing average salaries (excluding benefits). | ||
| 650 | _aRICS | ||
| 650 | _aSALARY SURVEYS | ||
| 650 | _aSURVEYORS | ||
| 650 | _aSURVEYING PROFESSION | ||
| 690 | _aMANAGEMENT-BUSINESS MANAGEMENT | ||
| 710 |
_aMacdonald and Company _93846 |
||
| 942 | _n0 | ||
| 999 |
_c103184 _d103184 |
||